000 00471nam a22001937a 4500
003 MPLRDC
005 20220104182808.0
008 210129b ||||| |||| 00| 0 eng d
020 _a986-7237-83-5
082 _a411.18 HHT
100 _a黄晖庭等
245 _a不老之祕
_c
250 _a初版
260 _a台湾
_b二鱼文化事业有限公司
_c2008
300 _b
490 _a保健系列. A019
650 _a长生法
942 _cBK
_o411.18 HHT
999 _c62122
_d62112